000
00186 a2200097 4500
001
27733
100
_a
Blythe, P
245
_a
Stress
260
_a
_b
Pan Books
_c
090
_c
18515
_d
18515
942
_a
NUST-CAE
_c
M
_c
9464
999
_c
262806
_d
262806